000
00217nam a22000857a 4500
008
161128b xxu||||| |||| 00| 0 eng d
100
_9
1510
_a
Bhushan.B.
245
_a
Lab Manual Chemistry-XI
260
_a
New Delhi
_b
A.P.
_c
2011
999
_c
4239
_d
4239